Captured landscape : (Record no. 7726)

000 -LEADER
fixed length control field 00779cam a2200205 i 4500
003 - CONTROL NUMBER IDENTIFIER
control field OSt
005 - DATE AND TIME OF LATEST TRANSACTION
control field 20200513135658.0
008 - FIXED-LENGTH DATA ELEMENTS--GENERAL INFORMATION
fixed length control field 171010t20182018enka b 001 0 eng
020 ## - INTERNATIONAL STANDARD BOOK NUMBER
International Standard Book Number 9781138679252 (pbk.)
082 00 - DEWEY DECIMAL CLASSIFICATION NUMBER
Classification number 712
Edition number 23
100 1# - MAIN ENTRY--PERSONAL NAME
Personal name Baker, Kate,
Dates associated with a name 1949-
Relator term author.
245 10 - TITLE STATEMENT
Title Captured landscape :
Remainder of title architecture and the enclosed garden /
Statement of responsibility, etc Kate Baker.
250 ## - EDITION STATEMENT
Edition statement Second edition.
300 ## - PHYSICAL DESCRIPTION
Extent viii, 291 pages :
Other physical details illustrations (chiefly color) ;
Dimensions 25 cm
504 ## - BIBLIOGRAPHY, ETC. NOTE
Bibliography, etc Includes bibliographical references and index.
650 #0 - SUBJECT ADDED ENTRY--TOPICAL TERM
Topical term or geographic name as entry element Landscape design.
650 #0 - SUBJECT ADDED ENTRY--TOPICAL TERM
Topical term or geographic name as entry element Gardens
General subdivision Design.
775 0# - OTHER EDITION ENTRY
Display text Revision of (work):
Main entry heading Baker, Kate, 1949-
Title Captured landscape
Place, publisher, and date of publication London ; New York : Routledge, 2012.
Physical description viii, 209 p. : ill. (chiefly col.) ; 26 cm
Record control number (DLC) 2011017022
942 ## - ADDED ENTRY ELEMENTS (KOHA)
Source of classification or shelving scheme
Holdings
Withdrawn status Lost status Source of classification or shelving scheme Damaged status Koha normalized classification for sorting Not for loan Permanent location Current location Date acquired Full call number Barcode Date last seen Price effective from Koha item type
        712BAK   BMS College of Architecture, Design and Planning BMS College of Architecture, Design and Planning 2020-05-13 712BAK ar-ug1480 2020-05-13 2020-05-13 UG Books
Copyright © 2025, The Librarian, Library and Information Centre, BMSCA D&P, Bengaluru. All Rights Reserved
web counter

Powered by Koha